Rocky quotes - Statistics

General Stats
  • This quiz has been taken 81 times
  • The average score is 8 of 15
Answer Stats
Hint Answer % Correct
If he dies he ___ -Drago dies
96%
You can't ___ -Adrian win
83%
It's not about how hard you hit it's about how hard you can ____ ____ -Rocky get hit
81%
There is no _____ - Apollo creed tomorrow
69%
nobody owes nobody _____ -Rocky nothing
63%
aint gonna be no _____ -Apollo creed rematch
54%
Slip the ____ -Mickey jab
52%
You aint so ___ You aint so ____ you aint nothin -Rocky bad
50%
If I can ____ and you can ____ every body can _____ -Rocky change
44%
I feel like a ____ fried idiot -Rocky Kentucky
44%
Hes not getting killed hes getting ____ -Paulie mad
40%
Youre gonna eat ____ and youre gonna crap _____ -Mickey lightning thunder
27%
Why do you wanna fight? because I cant ____ or _____ -Rocky sing dance
25%
Time takes everybody out, time is ______ -Rocky undefeated
25%
Your nose is broken. How does it look? Ah its an ______ -Mickey improvement
21%
No matching quizzes found
Score Distribution
Percent of People with Each Score
Percentile by Number Answered
Your Score History
You have not taken this quiz